000
00343 a2200157 4500
001
56700
020
_a
040
_c
Anchieta - Pituba
100
_a
Morais, Célia Franco
240
1
0
_a
Na floresta dos duendes
_l
por
245
1
0
_a
Na floresta dos duendes
300
_a
103
362
0
_a
1992
650
4
_a
Literatura juvenil
942
_c
BK
999
_c
56700
_d
56700